| 000 | 00344nam a2200145Ia 4500 | ||
|---|---|---|---|
| 005 | 20251222152022.0 | ||
| 008 | 251222s9999||||xx |||||||||||||| ||spa|| | ||
| 020 | _a9789702200581 | ||
| 082 | _a468/M95 | ||
| 100 | _aMunguia Zatarain, Irma | ||
| 245 | 0 | _aGramática Lengua Española | |
| 250 | _a1ra.ed. | ||
| 264 | _bLarousse | ||
| 942 | _cLIB | ||
| 999 |
_c25312 _d25312 |
||